Statystyki dla Polscy poeci

Kliknij tutaj aby rozwiązać quiz!

Ogólne statystyki

  • Ten quiz został rozwiązany 1 336 razy
  • Średni wynik to 5 z 15

Statystyki odpowiedzi

HintOdpowiedź% Poprawnych
Pan CogitoHerbert
72%
Testament mójSlowacki
71%
Do M***Mickiewicz
55%
Czego chcesz od nas, PanieKochanowski
54%
Kot w pustym mieszkaniuSzymborska
53%
Campo di FioriMiłosz
43%
Coś ty Atenom zrobił, SokratesieNorwid
41%
DusiołekLeśmian
34%
OcalonyRóżewicz
31%
Do prostego człowiekaTuwim
24%
Jestem JuliąPoświatowska
15%
FotografiaPawlikowska-Jasnorzewska
13%
Pan tu nie stałBarańczak
12%
Hymn wieczorów miejskichBaczyński
10%
Epitafium RzymowiSęp-Szarzyński
10%

Rozkład punktacji

Percentyl według liczby udzielonych odpowiedzi

Procent ludzi z każdym wynikiem

Twoja historia wyników

Nie rozwiązałeś tego quizu